Science Quiz

Random Science or Football Quiz

Elemental North American Football Clubs Quiz Stats

 Plays Quiz not verified by Sporcle

Score 0/15 Timer 04:00
0 Plays Today
Hint Answer % Correct
Carbon Lutetium Boron - Americium Erbium Iodine CalciumClub América (Mexico)
91.8%
Molybdenum Calcium - Fluorine CarbonMoca FC (Dominican Republic)
83.5%
Rhodium Fluorine CarbonRHFC (Bermuda)
76.5%
Lithium Molybdenum NitrogenLimón (Costa Rica)
76.5%
Potassium Iodine Carbon Potassium Erbium SulfurKickers (Bahamas)
75.3%
Holmium Phosphorus Phosphorus Erbium Sulfur - Fluorine CarbonHoppers FC (Antigua and Barbuda)
74.1%
Carbon Hydrogen Iodine Carbon Silver Oxygen - Fluorine Iodine RheniumChicago Fire (USA)
72.9%
Aluminium Hydrogen Cesium - Sulfur Phosphorus Argon Tantalum NitrogenALHCS Spartan (Anguilla)
67.1%
Hint Answer % Correct
Carbon Scandium CarbonCSCC (French Guiana)
65.9%
Tungsten Astatine Erbium Holmium Uranium SeleniumWaterhouse (Jamaica)
62.4%
Tungsten Oxygen Lutetium Einsteinium - Fluorine CarbonWolues FC (British Virgin Islands)
60%
Carbon Silver Uranium Arsenic - Hydrogen Uranium Radium Calcium NitrogenCaguas Huracán (Puerto Rica)
58.8%
Protactinium Carbon Iodine Fluorine Iodine Carbon - Fluorine CarbonPacific FC (Canada)
57.6%
Rhenium Aluminium - Einsteinium Tellurium LithiumReal Esteli (Nicaragua)
57.6%
Arsenic - Calcium Polonium Iodine SeleniumAS Capoise (Haiti)
57.6%

You're not logged in!

Compare scores with friends on all Sporcle quizzes.
OR
Log In

Show Comments

Extras

Top Quizzes Today


Score Distribution

Your Account Isn't Verified!

In order to create a playlist on Sporcle, you need to verify the email address you used during registration. Go to your Sporcle Settings to finish the process.

Report this User

Report this user for behavior that violates our Community Guidelines.

Details: